God's outrageous claims : (Record no. 9723)

MARC details
000 -LEADER
fixed length control field 00588nam a22001937a 4500
003 - CONTROL NUMBER IDENTIFIER
control field GBCCL
005 - DATE AND TIME OF LATEST TRANSACTION
control field 20241126110717.0
008 - FIXED-LENGTH DATA ELEMENTS--GENERAL INFORMATION
fixed length control field 230627b ||||| |||| 00| 0 eng d
020 ## - INTERNATIONAL STANDARD BOOK NUMBER
International Standard Book Number 0310209293
040 ## - CATALOGING SOURCE
Transcribing agency GBC
082 ## - DEWEY DECIMAL CLASSIFICATION NUMBER
Classification number 248.4
Item number STR
100 ## - MAIN ENTRY--PERSONAL NAME
Personal name Strobel, Lee
Dates associated with a name 1952-
9 (RLIN) 350
245 ## - TITLE STATEMENT
Title God's outrageous claims :
Remainder of title thirteen discoveries that can revolutionize your life /
Statement of responsibility, etc. Lee Strobel
260 ## - PUBLICATION, DISTRIBUTION, ETC.
Place of publication, distribution, etc. Grand Rapids :
Name of publisher, distributor, etc. Zondervan publishing house,
Date of publication, distribution, etc. 1997
300 ## - PHYSICAL DESCRIPTION
Extent 223p. ;
505 ## - FORMATTED CONTENTS NOTE
Formatted contents note includes bibliographical references
650 ## - SUBJECT ADDED ENTRY--TOPICAL TERM
Topical term or geographic name entry element Christian life
9 (RLIN) 183
942 ## - ADDED ENTRY ELEMENTS (KOHA)
Source of classification or shelving scheme Dewey Decimal Classification
Koha item type Books
Koha issues (borrowed), all copies 1
Holdings
Withdrawn status Lost status Source of classification or shelving scheme Damaged status Not for loan Home library Current Library Shelving location Date acquired Total checkouts Full call number Barcode Date last seen Date last checked out Copy number Price effective from Koha item type
    Dewey Decimal Classification     GRACE BIBLE COLLEGE GRACE BIBLE COLLEGE Ministry & Mission 2023-06-27 1 248.4 STR 016289 2025-05-01 2023-12-07 c.1 2023-06-27 Books
© Grace Bible College Library 2025